000 01351nam a22001817a 4500
999 _c3544
_d3544
020 _a 0072992395
022 _a9780072992397
050 _aHG179.K368
100 _aJack R Kapoor
245 _aFocus on Personal Finance
_cJack R Kapoor; Les R Dlabay; Robert James Hughes
260 _a Boston
_b: McGraw-Hill/Irwin
_c2006
300 _axxviii, 444 pages : illustrations (chiefly color)
_b ; 28 cm + 1 CD-ROM (4 3/4 in.).
440 _a McGraw-Hill/Irwin series in finance, insurance, and real estate.
500 _aincludes index
505 _ach. 1. Personal financial planning in action -- ch. 2. Money management skills -- ch. 3. Taxes in your financial plan -- ch. 4. Savings and payment services -- ch. 5. Consumer credit : advantages, disadvantages, sources, and costs -- ch. 6. Wise buying of motor vehicles and other purchases -- ch. 7. Selecting and financing housing -- ch. 8. Home and automobile insurance -- ch. 9. Health and disability income insurance -- ch. 10. Financial planning with life insurance -- ch. 11. Investing basics and evaluating bonds -- ch. 12. Investing in stocks -- ch. 13. Investing in mutual funds -- ch. 14. Retirement and estate planning -- Appendix -- A. Time value of money -- B. Consumer agencies and organizations -- Index.
650 _a Finance, Personal.
_xInvestments.
942 _cBK